<The> path towards a unified Korean economy.

Otázka možností porovnávania unifikácie kórejskej ekonomiky s Nemeckom. Porovnanie vývoja juho a severokórejskej ekonomiky - ekon. disparity medzi Severom a Juhom. Stagnácia severokórejskej ekonomiky v posledných rokoch ako dôsledok ekon. a polit. systému. Problematika unifikácie Nemecka - prechod n...

Descrizione completa

Salvato in:
Dettagli Bibliografici
Autore principale: Kee, W.
Natura: Capitolo di libro
Lingua:inglese
Soggetti:
Tags: Aggiungi Tag
Nessun Tag, puoi essere il primo ad aggiungerne!!

MARC

LEADER 00000naa a2200000 4500
001 r004147
005 20221130103520.8
041 0 |a eng 
044 |a KR 
245 1 0 |a <The> path towards a unified Korean economy.  |c W. Kee 
520 |a Otázka možností porovnávania unifikácie kórejskej ekonomiky s Nemeckom. Porovnanie vývoja juho a severokórejskej ekonomiky - ekon. disparity medzi Severom a Juhom. Stagnácia severokórejskej ekonomiky v posledných rokoch ako dôsledok ekon. a polit. systému. Problematika unifikácie Nemecka - prechod na trhovú ekonomiku, náklady na unifikáciu, sociálne a psychologické konflikty. Porovnanie kórejskej a nemeckej situácie. 
610 2 0 |a unifikácia 
610 2 0 |a integrácia 
610 2 0 |a Južná Kórea 
610 2 0 |a KĽDR 
610 2 0 |a rozvoj hospodársky 
610 2 0 |a Nemecko 
100 1 |a Kee, W.